LEADER 01272nam a2200241 i 4500 001 000000174518 003 CaOOAMICUS 005 20080916000000.0 008 080916s1967 sw u000 u ger u 013 $a151994 040 $aSeMil$bita 100 1 $aRydbeck, Lars <1934- >.$0(OLS)http://semarc/name/90989 245 10$aFachprosa, vermeintliche Volkssprache und Neues Testament :$bzur Berurteiligung der sprachlichen Niveauunterschiede im nachklassischen Griechisch /$cLars Rydbeck. 260 $aUppsala :$b[s.n.],$c1967$e(Lund :$fBerlingska Boktryckeriet,$g1967) 300 $a221 p. ;$c25 cm. 490 0 $aActa Universitatis Upsaliensis. Studia graeca upsaliensia ;$v5 650 4$aBibbia - NT - Critica testuale.$0(OLS)http://semarc/subject/2684 830 0$aActa Universitatis Upsaliensis. Studia graeca upsaliensia ;$v5.$0(OLS)http://semarc/title/514 850 $aSeMil 852 $aSeMil$W1$xVenegono$y1$m1Z VI 43$j237560$B125354$CSeMilBibl$Z2$F136337 $81 961 $aRecupero: Altro 996 $6245$aFachprosa, vermeintliche Volkssprache und Neues Testament :$bzur Berurteiligung der sprachlichen Niveauunterschiede im nachklassischen Griechisch$9(OLS)http://semarc/title/250138 996 $6260$aUppsala :$b[s.n.]$9(OLS)http://semarc/publisher/29754 LEADER 01191nam a2200289 i 4500 001 000000208318 003 CaOOAMICUS 005 20181010115020.0 008 160718s2014 it u000 u ita u 013 $a187102 020 $a978-88-6579-024-3 040 $aSeMil$bita 100 1 $aFreire, Paulo,$d<1921-1997>.$0(OLS)http://semarc/name/25070 240 10$aPedagogia da autonomia.$0(OLS)http://semarc/title/301260 245 10$aPedagogia dell'autonomia :$bsaperi necessari per la pratica educativa /$cPaulo Freire. 260 $aTorino :$bEGA,$c2014. 300 $a125 p. ;$c21 cm. 490 0 $aAltrisaggi [EGA] ;$v60 650 4$aPedagogia e educazione.$0(OLS)http://semarc/subject/39141 830 0$aAltrisaggi ;$v60.$0(OLS)http://semarc/title/419137 850 $aSeMil 852 $aSeMil$W1$xVenegono$y1$m2Q II 468$j158776$B158776$CSeMilBibl$Z2$F212568 $81 961 $aOmaggio: Altro 996 $6020$a978-88-6579-024-3$9(OLS)http://semarc/number/202772 996 $6245$aPedagogia dell'autonomia :$bsaperi necessari per la pratica educativa$9(OLS)http://semarc/title/301259 996 $6260$aTorino :$bEGA$9(OLS)http://semarc/publisher/35848